000 00428nam a22001697a 4500
999 _c260668
_d260667
003 OSt
005 20230921111011.0
008 230921b xxu||||| |||| 00| 0 eng d
020 _a0673469018
040 _cN/A
050 _aPS648
_b.S5447
100 _aEugene Current-Garcia & Bert Hitchcock.
245 _aAmerican Short Stories.
250 _aSixth Edition
260 _aNewYork
_bWesley Longman
_c1996
942 _2lcc
_cBK